| 000 | 01146cam a22002654a 4500 | ||
|---|---|---|---|
| 020 | _a0821369733 | ||
| 020 | _a9780821369746 | ||
| 040 | _cDDC | ||
| 082 | _a330 WOR 2007 A065 Or. | ||
| 245 | 0 | 4 | _aThe Little Data Book on Information and Communication Technology 2007 |
| 260 |
_aWashington, D.C. : _bThe World Bank, _c2007. |
||
| 300 | _a1 online resource (236 p.) | ||
| 490 | 1 | _aWorld Development Indicators | |
| 520 | 3 | _aThis new addition to the Little Data Book series presents at-a-glance tables for over 140 economies showing the most recent national data on key indicators of information and communications technology (ICT), including access, quality, affordability, efficiency, sustainability, and applications. | |
| 650 | 4 | _aE-Business. | |
| 650 | 4 | _aICT Policy and Strategies. | |
| 650 | 4 | _aIndustry. | |
| 650 | 4 | _aInformation and Communication Technologies. | |
| 650 | 4 | _aInformation Security and Privacy. | |
| 650 | 4 | _aPrivate Sector Development. | |
| 650 | 4 | _aTechnology Industry. | |
| 650 | 4 | _aTelecommunications Infrastructure. | |
| 856 | 4 | 0 | _uhttp://elibrary.worldbank.org/content/book/9780821369739 |
| 942 | _cEK | ||
| 999 |
_c14392 _d14392 |
||